书目信息 |
| 题名: |
点击决胜英语词汇6600
|
|
| 作者: | 王湘云 , 朱磊 , 叶艳 主编 | |
| 分册: | ||
| 出版信息: | 大连 大连理工大学出版社 2004.04 |
|
| 页数: | 450页 | |
| 开本: | 19cm | |
| 丛书名: | ||
| 单 册: | ||
| 中图分类: | H313 | |
| 科图分类: | ||
| 主题词: | 英语--词汇 | |
| 电子资源: | ||
| ISBN: | 7-5611-2539-9 | |
| 000 | 00854nam0 2200241 450 | |
| 001 | 0140823153 | |
| 005 | 20050623172649.27 | |
| 010 | @a7-5611-2539-9@dCNY18.80 | |
| 100 | @a20040823d2004 km y0chiy0120 ea | |
| 101 | 0 | @achi@aeng |
| 102 | @aCN@b210000 | |
| 105 | @ay z 000yy | |
| 200 | 1 | @a点击决胜英语词汇6600@ADian Ji Jue Sheng Ying Yu Ci Hui 6600@f主编王湘云, 朱磊, 叶艳@Fzhu bian wang xiang yun,zhu lei,ye yan |
| 210 | @a大连@c大连理工大学出版社@d2004.04 | |
| 215 | @a450页@d19cm | |
| 330 | @a本书收录的词汇均为相应级别中的重点词汇和高频词汇,可帮助读者在词汇的海洋中把握重点,掌握难点,做到有的放矢,取得事半功倍的效果。 | |
| 606 | 0 | @a英语@x词汇 |
| 690 | @aH313@v4 | |
| 701 | 0 | @a王湘云@Awang xiang yun@4主编 |
| 701 | 0 | @a朱磊@Azhu lei@4主编 |
| 701 | 0 | @a叶艳@Aye yan@4主编 |
| 801 | 0 | @aCN@bRULIN@c20050623 |
| 905 | @a10447@dH313@eZ853 | |
| 点击决胜英语词汇6600/主编王湘云, 朱磊, 叶艳.-大连:大连理工大学出版社,2004.04 |
| 450页;19cm |
| ISBN 7-5611-2539-9:CNY18.80 |
| 本书收录的词汇均为相应级别中的重点词汇和高频词汇,可帮助读者在词汇的海洋中把握重点,掌握难点,做到有的放矢,取得事半功倍的效果。 |
| ● |
| 相关链接 |
|
|
|
正题名:点击决胜英语词汇6600
索取号:H313/Z853
 
预约/预借
| 序号 | 登录号 | 条形码 | 馆藏地/架位号 | 状态 | 备注 |
| 1 | 521150 | 205211509 | 语言库209/209语言库 1排2列5层/ [索取号:H313/Z853] | 在馆 | |
| 2 | 521151 | 205211518 | 自科二线504/504自科库 46排1列1层/ [索取号:H313/Z853] | 在馆 | |
| 3 | 521152 | 205211527 | 语言库209/209语言库 1排2列5层/ [索取号:H313/Z853] | 在馆 | |
| 4 | 521153 | 205211536 | 语言库209/209语言库 1排2列5层/ [索取号:H313/Z853] | 在馆 | |
| 5 | 521154 | 205211545 | 语言库209/209语言库 1排2列5层/ [索取号:H313/Z853] | 在馆 |